| Tag |
First Indicator |
Second Indicator |
Subfields |
| LEADER |
00000cam a2200000 a 4500 |
| 001 |
in00001163721 |
| 005 |
20151001071527.0 |
| 008 |
930129s1993 enka b 001 0 eng |
| 010 |
|
|
|a 93018347
|
| 020 |
|
|
|a 0521440564 (hc)
|
| 020 |
|
|
|a 0521446112 (pb)
|
| 035 |
|
|
|a (OCoLC)27431758
|
| 035 |
|
|
|9 AGE3111AM
|
| 040 |
|
|
|a DLC
|c DLC
|d TXA
|d UtOrBLW
|
| 049 |
|
|
|a TXAM
|
| 050 |
0 |
0 |
|a N72.P74
|b K87 1993
|
| 082 |
0 |
0 |
|a 701/.05
|2 20
|
| 100 |
1 |
|
|a Kuspit, Donald B.
|q (Donald Burton),
|d 1935-
|
| 245 |
1 |
0 |
|a Signs of psyche in modern and postmodern art /
|c Donald Kuspit.
|
| 264 |
|
1 |
|a Cambridge ;
|a New York :
|b Cambridge University Press,
|c 1993.
|
| 300 |
|
|
|a x, 387 pages :
|b illustrations ;
|c 26 cm.
|
| 336 |
|
|
|a text
|b txt
|2 rdacontent
|
| 337 |
|
|
|a unmediated
|b n
|2 rdamedia
|
| 338 |
|
|
|a volume
|b nc
|2 rdacarrier
|
| 490 |
1 |
|
|a Contemporary artists and their critics
|
| 504 |
|
|
|a Includes bibliographical references and index.
|
| 650 |
|
0 |
|a Psychoanalysis and art.
|
| 650 |
|
0 |
|a Art, Modern
|y 20th century.
|
| 830 |
|
0 |
|a Contemporary artists and their critics.
|
| 999 |
|
|
|a MARS
|
| 999 |
f |
f |
|s aa4a176f-59a3-39d8-9edb-aaaad65375dc
|i 6c0997fb-a640-30f8-9a63-77317e720fd4
|t 0
|
| 952 |
f |
f |
|p normal
|a Texas A&M University
|b College Station
|c Sterling C. Evans Library
|d Evans: Library Stacks
|t 0
|e N72.P74 K87 1993
|h Library of Congress classification
|i unmediated -- volume
|m A14817996188
|
| 998 |
f |
f |
|a N72.P74 K87 1993
|t 0
|l Evans: Library Stacks
|